000 00208 a2200097 4500
001 27716
100 _aMyrdal, A
245 _aThe game of disarmament
260 _a
_bPantheon Books
_c
090 _c18492
_d18492
942 _aNUST-CAE
_cM
_c9438
999 _c262789
_d262789